| 000 | 01242nam a2200265Ia 4500 | ||
|---|---|---|---|
| 003 | OSt | ||
| 005 | 20220925195542.0 | ||
| 006 | a|||||r|||| 00| 0 | ||
| 007 | ta | ||
| 008 | 220923b |||||||| |||| 00| 0 eng d | ||
| 037 | _cGeneral Book | ||
| 040 |
_aRTL _cRTL _beng |
||
| 041 |
_2eng _aeng |
||
| 082 | _aY5.73.N6, K9;L7 | ||
| 100 |
_aKohn Melvin L _9254878 |
||
| 245 | 0 |
_aClass and coformity _b A study in values |
|
| 250 | _a2nd | ||
| 260 |
_aChicago _bThe University Press _c1977 |
||
| 300 |
_alx,316p Tab Figures:p51-238 & Tables:p20-266 _ccm. |
||
| 490 | _vReassessment, 1977 pxxv-lx | ||
| 500 | _aBibligoraphy: p 279-296; Appendix: p 207-278; Index:p297-316 | ||
| 650 |
_aSocial Stratification _9229881 |
||
| 942 |
_hY5.73.N6, K9;L7 _cGB _2CC |
||
| 999 |
_c533373 _d533373 |
||